000
00276nam a2200097Ia 4500
001
990206
005
20250826221306.0
008
250824s9999 xx 000 0 und d
245
0
_a
KRAL ŞAKİR/HAYAT KISA FİLLER UÇUYOR/T1
_c
HALUK CAN DİZDAROĞLU
260
_b
İKİ A YAYINCILIK
999
_c
990206
_d
990206